History General Knowledge #1 - Statistics

General Stats
  • This quiz has been taken 37 times
  • The average score is 7 of 13
Answer Stats
Hint Answer % Correct
When was the soviet union dissolved? 1991
91%
How many world wars were there? 2
88%
The Pa_____ Ocean Cific
88%
Name the central american canal Panama Canal
88%
Country landlocked inside of South Africa Lesotho
76%
Capital of Tunisia Tunis
70%
Body of water surrounding carribean Carribean Sea
55%
Black ___ Sea
52%
Name the number of Un countries (do not count palestine and vatican city) example: 97 193
39%
Germany used to be a... Dictatorship
21%
City ukraine tried to capture in the russian war Kursk
12%
Militarization of _________ Rhineland
9%
What is the most divided country? Poland
0%
No matching quizzes found
Score Distribution
Percent of People with Each Score
Percentile by Number Answered
Your Score History
You have not taken this quiz